| 000 | 00802nam a2200289 a 4500 | ||
|---|---|---|---|
| 999 |
_c1284 _d1284 |
||
| 001 | 017176854 | ||
| 003 | UkOxU | ||
| 005 | 20230106101606.0 | ||
| 008 | 051111r20062005enka b 000 1 eng | ||
| 015 |
_aGBA649104 _2bnb |
||
| 020 | _a9780141318455 | ||
| 035 | _a(IeDuTC)b14418335 | ||
| 035 | _a(UkLCURL)08b14418335 | ||
| 038 | _aUk | ||
| 040 |
_aStDuBDS _c. _dKH8 |
||
| 049 | _lb | ||
| 082 | 0 | 4 |
_a823.914 KIN _222 |
| 100 | 1 |
_aKing-Smith, Dick. _eAuthor |
|
| 245 | 1 | 0 |
_aDinosaur trouble / _cDick King-Smith ; illustrated by Ben Cort. |
| 260 |
_aLondon : _bPuffin, _c2006. |
||
| 300 |
_a138 p. : _bill. ; _c20 cm. |
||
| 500 | _aOriginally published: 2005. | ||
| 650 | 0 |
_aDinosaurs _vJuvenile fiction. |
|
| 655 | 0 | _aChildren's stories. | |
| 700 | 1 |
_aCort, Ben. _eillustrator |
|
| 942 |
_2ddc _cNFIC |
||